| 000 | 00591nam a22001937a 4500 | ||
|---|---|---|---|
| 005 | 20251108165933.0 | ||
| 008 | 250721s1985 xx 000 0 ara d | ||
| 082 | 1 | 4 | _aق/كرا |
| 100 | 1 | _aكرايتي، مايكل | |
| 245 | 1 | 0 |
_aأكلة الموتى : _bعن مخطوطة إبن فضلان / |
| 264 | 1 |
_aالقاهره : _bمؤسسة الهلال، _c1985. |
|
| 300 | _a147ص | ||
| 490 | 0 | _aروايات الهلال | |
| 650 | 1 | 7 | _aالأدب العربي |
| 650 | 1 | 7 | _aأدب الأطفال |
| 700 | 1 |
_aكامل، تيسير _eترجمة |
|
| 942 |
_2ddc _cBK |
||
| 999 |
_c35294 _d35294 |
||